| 000 | 01183nam a2200313Ia 4500 | ||
|---|---|---|---|
| 001 | ebr10256217 | ||
| 003 | CaPaEBR | ||
| 006 | m u | ||
| 007 | cr cn||||||||| | ||
| 008 | 060707s2006 nhua sb 001 0 eng | ||
| 010 | _z 2006048493 | ||
| 020 | _z1578084458 | ||
| 020 | _z9781578084456 | ||
| 040 |
_aCaPaEBR _cCaPaEBR |
||
| 035 | _a(OCoLC)712037623 | ||
| 050 | 1 | 4 |
_aQH455 _b.W66 2006eb |
| 082 | 0 | 4 |
_a576.5/8 _222 |
| 100 | 1 | _aWool, David. | |
| 245 | 1 | 4 |
_aThe driving forces of evolution _h[electronic resource] : _bgenetic processes in populations / _cDavid Wool. |
| 260 |
_aEnfield, NH : _bScience Publishers, _cc2006. |
||
| 300 |
_axv, 346 p. : _bill. |
||
| 504 | _aIncludes bibliographical references and indexes. | ||
| 533 |
_aElectronic reproduction. _bPalo Alto, Calif. : _cebrary, _d2009. _nAvailable via World Wide Web. _nAccess may be limited to ebrary affiliated libraries. |
||
| 650 | 0 | _aEvolutionary genetics. | |
| 650 | 0 | _aPopulation genetics. | |
| 655 | 7 |
_aElectronic books. _2local |
|
| 710 | 2 | _aebrary, Inc. | |
| 856 | 4 | 0 |
_uhttp://site.ebrary.com/lib/rucke/Doc?id=10256217 _zAn electronic book accessible through the World Wide Web; click to view |
| 999 |
_c14523 _d14523 |
||